[Event "Landesliga Sued 0910"]
[Site "Bayern"]
[Date "2009.12.13"]
[Round "4.2"]
[White "Bintakies, Michael"]
[Black "Eizenhammer, Peter"]
[Result "1-0"]
[WhiteElo "2162"]
[BlackElo "2054"]
[PlyCount "47"]
[EventDate "2009.10.18"]
[EventType "team-tourn"]
[EventRounds "9"]
[EventCountry "GER"]
[SourceTitle "EXT 2011"]
[Source "ChessBase"]
[SourceDate "2010.11.26"]
[SourceVersion "1"]
[SourceVersionDate "2010.11.26"]
[SourceQuality "1"]
[WhiteTeam "Kriegshaber"]
[BlackTeam "Passau II"]
[WhiteTeamCountry "GER"]
[BlackTeamCountry "GER"]

1. f4 e5 2. fxe5 Nc6 3. Nf3 g5 4. d4 g4 5. Ng5 d5 6. exd6 Qxd6 7. d5 Nb4 8. Nc3 Qg6 9. e4 h6 10. a3 hxg5 11. axb4 Bd6 12. Be3 Rxh2 13. Rxh2 Bxh2 14. Qd4 Bg3+ 15. Kd2 Bf4 16. Bxf4 gxf4 17. Qe5+ Kf8 18. Qxf4 Nf6 19. Bd3 Nh5 20. Qe3 Bd7 21. Rf1 Kg8 22. e5 Qb6 23. Qg5+ Ng7 24. Qf4 1-0

[Event "Landesliga Sued 0910"]
[Site "Bayern"]
[Date "2009.11.29"]
[Round "3.1"]
[White "Eizenhammer, Peter"]
[Black "Umansky, Mikhail"]
[Result "0-1"]
[WhiteElo "2054"]
[BlackElo "2376"]
[PlyCount "64"]
[EventDate "2009.10.18"]
[EventType "team-tourn"]
[EventRounds "9"]
[EventCountry "GER"]
[SourceTitle "EXT 2011"]
[Source "ChessBase"]
[SourceDate "2010.11.26"]
[SourceVersion "1"]
[SourceVersionDate "2010.11.26"]
[SourceQuality "1"]
[WhiteTeam "Passau II"]
[BlackTeam "Haunstetten"]
[WhiteTeamCountry "GER"]
[BlackTeamCountry "GER"]

1. e4 g6 2. d4 Bg7 3. Nc3 d6 4. Bg5 Nd7 5. Nf3 c5 6. d5 Ngf6 7. a4 0-0 8. a5 Rb8 9. Bb5 a6 10. Be2 b5 11. axb6 Rxb6 12. Ra2 Rb4 13. Nd2 h6 14. Be3 Ne5 15. f4 Neg4 16. Bg1 h5 17. h3 Nh6 18. Be3 e6 19. dxe6 Bxe6 20. Rxa6 Rxb2 21. Ndb1 d5 22. Bxc5 Nxe4 23. Nxe4 dxe4 24. Nd2 Qh4+ 25. Bf2 Qxf4 26. 0-0 Bxh3 27. Bc4 Qg5 28. g3 e3 29. Ne4 exf2+ 30. Rxf2 Qe3 31. Rxg6 Qxe4 32. Qc1 Qxg6 0-1

[Event "Regionalliga SO 0809"]
[Site "Bayern"]
[Date "2009.01.11"]
[Round "5.2"]
[White "Kern, Johannes"]
[Black "Eizenhammer, Peter"]
[Result "1/2-1/2"]
[WhiteElo "2135"]
[BlackElo "2103"]
[PlyCount "71"]
[EventDate "2008.10.05"]
[EventType "team-tourn"]
[EventRounds "9"]
[EventCountry "GER"]
[SourceTitle "EXT 2020"]
[Source "ChessBase"]
[SourceDate "2019.10.17"]
[SourceVersion "1"]
[SourceVersionDate "2019.10.17"]
[SourceQuality "1"]
[WhiteTeam "Trostberg"]
[BlackTeam "Passau II"]
[WhiteTeamCountry "GER"]
[BlackTeamCountry "GER"]

1. f4 e5 2. fxe5 Nc6 3. Nc3 d6 4. exd6 Bxd6 5. Nf3 g5 6. g3 g4 7. Nh4 Nge7 8. Ne4 Be5 9. Nf2 Ng6 10. Nxg6 hxg6 11. c3 Qe7 12. d4 Bd6 13. Bg2 Bd7 14. Ne4 Rh5 15. Nxd6+ cxd6 16. Qd3 0-0-0 17. Qe3 Re8 18. Qxe7 Nxe7 19. 0-0 f5 20. e4 fxe4 21. Bxe4 Nf5 22. Bd3 Nxg3 23. Bf4 Ne2+ 24. Bxe2 Rxe2 25. Rf2 Rxf2 26. Kxf2 Rf5 27. Ke3 Kc7 28. c4 b6 29. Rc1 g5 30. Bg3 Rf3+ 31. Ke4 Kc6 32. d5+ Kc7 33. Kd4 Bf5 34. Rc3 Kd7 35. b4 a6 36. c5 1/2-1/2

[Event "Regionalliga SO 0809"]
[Site "Bayern"]
[Date "2008.11.30"]
[Round "3.2"]
[White "Gesing, Oliver"]
[Black "Eizenhammer, Peter"]
[Result "1-0"]
[WhiteElo "2079"]
[BlackElo "2103"]
[PlyCount "93"]
[EventDate "2008.10.05"]
[EventType "team-tourn"]
[EventRounds "9"]
[EventCountry "GER"]
[SourceTitle "EXT 2020"]
[Source "ChessBase"]
[SourceDate "2019.10.17"]
[SourceVersion "1"]
[SourceVersionDate "2019.10.17"]
[SourceQuality "1"]
[WhiteTeam "Graefelfing"]
[BlackTeam "Passau II"]
[WhiteTeamCountry "GER"]
[BlackTeamCountry "GER"]

1. e4 d6 2. d4 Nf6 3. Nc3 Nbd7 4. f4 e5 5. Nf3 exd4 6. Qxd4 c6 7. Be3 d5 8. e5 Ng4 9. Bg1 Qb6 10. Qxb6 axb6 11. Nd4 Nc5 12. h3 Nh6 13. g4 b5 14. Bg2 Be7 15. Bf2 f6 16. exf6 gxf6 17. Ndxb5 cxb5 18. Nxd5 Na6 19. Nb6 Rb8 20. Nxc8 Rxc8 21. Bxb7 Rxc2 22. Bxa6 0-0 23. Bxb5 Bb4+ 24. Kf1 Rd8 25. Be3 Nf7 26. Rc1 Rxb2 27. Bc4 Bd2 28. Rd1 Kg7 29. Rh2 Bxe3 30. Rxd8 Rxh2 31. Rd7 Bxf4 32. Rxf7+ Kg6 33. Rd7 Rxh3 34. Bd3+ Kg5 35. Rg7+ Kh4 36. Rxh7+ Kg3 37. Rxh3+ Kxh3 38. Bf5 Kg3 39. Ke2 Bb8 40. Ke3 Ba7+ 41. Ke4 Bb6 42. a4 Bd8 43. Bc8 Ba5 44. Kd5 Kf4 45. Kc6 Ke5 46. Kb5 Bc7 47. a5 1-0

[Event "Regionalliga SO 0809"]
[Site "Bayern"]
[Date "2008.10.05"]
[Round "1.4"]
[White "Seisenberger, Georg"]
[Black "Eizenhammer, Peter"]
[Result "1-0"]
[WhiteElo "2051"]
[BlackElo "2103"]
[PlyCount "83"]
[EventDate "2008.10.05"]
[EventType "team-tourn"]
[EventRounds "9"]
[EventCountry "GER"]
[SourceTitle "EXT 2020"]
[Source "ChessBase"]
[SourceDate "2019.10.17"]
[SourceVersion "1"]
[SourceVersionDate "2019.10.17"]
[SourceQuality "1"]
[WhiteTeam "Ilmmuenster"]
[BlackTeam "Passau II"]
[WhiteTeamCountry "GER"]
[BlackTeamCountry "GER"]

1. e4 d6 2. d4 Nf6 3. Nc3 Nbd7 4. f4 e5 5. Nf3 exd4 6. Qxd4 c6 7. Be3 d5 8. e5 Ng4 9. Bg1 Bc5 10. Qd2 Bxg1 11. Rxg1 Qb6 12. h3 Qe3+ 13. Qxe3 Nxe3 14. Bd3 Nc5 15. Kd2 Nc4+ 16. Bxc4 dxc4 17. g4 Bd7 18. Rae1 0-0-0 19. Kc1 b5 20. Ng5 Rdf8 21. Nce4 Nb7 22. Nd6+ Nxd6 23. exd6 h6 24. Ne4 f5 25. Nc5 fxg4 26. Re7 Rd8 27. hxg4 Rhf8 28. f5 h5 29. gxh5 Rxf5 30. Nxd7 Rxd7 31. Rxd7 Kxd7 32. Rxg7+ Kxd6 33. h6 a5 34. Rg6+ Kc5 35. h7 Rh5 36. Rg5+ Rxg5 37. h8Q Rd5 38. Qf8+ Kb6 39. Qb8+ Kc5 40. Qa7+ Kb4 41. Qb6 Rd6 42. Qe3 1-0

[Event "Regionalliga SO 0708"]
[Site "Bayern"]
[Date "2008.04.20"]
[Round "9.5"]
[White "Habdank, Christoph"]
[Black "Eizenhammer, Peter"]
[Result "1-0"]
[WhiteElo "2091"]
[BlackElo "2095"]
[PlyCount "75"]
[EventDate "2007.10.21"]
[EventType "team-tourn"]
[EventRounds "9"]
[EventCountry "GER"]
[SourceTitle "EXT 2009"]
[Source "ChessBase"]
[SourceDate "2008.11.26"]
[SourceVersion "1"]
[SourceVersionDate "2008.11.26"]
[SourceQuality "1"]
[WhiteTeam "Graefelfing"]
[BlackTeam "Passau II"]
[WhiteTeamCountry "GER"]
[BlackTeamCountry "GER"]

1. d3 e5 2. Nf3 d6 3. g3 f5 4. Bg2 Nf6 5. 0-0 g6 6. c4 Bg7 7. Nc3 0-0 8. Rb1 h6 9. Qc2 g5 10. b4 Nc6 11. b5 Nd4 12. Nxd4 exd4 13. Nd5 Nxd5 14. Bxd5+ Kh8 15. a4 Rb8 16. Ba3 b6 17. a5 f4 18. axb6 axb6 19. Bb2 Bg4 20. Ra1 Qe7 21. Be4 Be5 22. Ra7 h5 23. Bf3 Bh3 24. Bg2 Bf5 25. Qd1 g4 26. Kh1 Qg7 27. Qa1 Be6 28. Be4 Rbc8 29. gxf4 Rxf4 30. e3 dxe3 31. Bxe5 dxe5 32. fxe3 Rxf1+ 33. Qxf1 Rf8 34. Qg2 Qg5 35. Qe2 h4 36. Rxc7 g3 37. Rh7+ Kg8 38. Rh5 1-0

[Event "FICGS rapid M 000006 email"]
[Site "FICGS email"]
[Date "2007.04.04"]
[Round "1"]
[White "Aigner, Michael"]
[Black "Eizenhammer, Peter"]
[Result "1-0"]
[WhiteElo "2307"]
[BlackElo "2224"]
[PlyCount "47"]
[EventDate "2007.??.??"]
[EventType "tourn (rapid)"]
[EventRounds "6"]
[SourceTitle "Corr 2022"]
[Source "ChessBase"]
[SourceDate "2021.10.24"]
[SourceVersion "1"]
[SourceVersionDate "2021.10.24"]
[SourceQuality "1"]

1. d4 d6 2. c4 Nf6 3. Nc3 g6 4. e4 Bg7 5. Nge2 c6 6. Ng3 a6 7. Be2 b5 8. 0-0 0-0 9. e5 Ne8 10. f4 Be6 11. Be3 Bxc4 12. Bxc4 bxc4 13. Qe2 d5 14. f5 Nd7 15. Rf4 Rb8 16. Raf1 Nc7 17. h4 c5 18. h5 g5 19. h6 Bxh6 20. Qh5 gxf4 21. Qxh6 Rb6 22. f6 Nxf6 23. Nf5 Nce8 24. Rxf4 1-0

[Event "Regionalliga SO 0607"]
[Site "Bayern"]
[Date "2007.02.04"]
[Round "5.3"]
[White "Luft, Martin"]
[Black "Eizenhammer, Peter"]
[Result "1-0"]
[WhiteElo "2074"]
[BlackElo "2097"]
[PlyCount "55"]
[EventDate "2006.10.15"]
[EventType "team-tourn"]
[EventRounds "9"]
[EventCountry "GER"]
[SourceTitle "EXT 2008"]
[Source "ChessBase"]
[SourceDate "2007.11.25"]
[SourceVersion "1"]
[SourceVersionDate "2007.11.25"]
[SourceQuality "1"]
[WhiteTeam "Graefelfing"]
[BlackTeam "Passau II"]
[WhiteTeamCountry "GER"]
[BlackTeamCountry "GER"]

1. Nf3 d6 2. d4 Nf6 3. Bf4 g6 4. h3 Bg7 5. e3 0-0 6. Be2 Nbd7 7. 0-0 Qe8 8. c4 e5 9. Bh2 Ne4 10. Qc2 f5 11. Nc3 Nxc3 12. Qxc3 g5 13. Nxg5 exd4 14. exd4 Qxe2 15. Rfe1 Qh5 16. Ne6 Nf6 17. Nxc7 Bd7 18. Nxa8 Rxa8 19. Re7 Qg6 20. Qb3 f4 21. c5+ d5 22. Rxd7 Nxd7 23. Qxb7 Re8 24. Qxd7 Qe4 25. Bxf4 Bxd4 26. c6 Re7 27. c7 Bxf2+ 28. Kh1 1-0

[Event "FICGS W-ch st1 g16 email"]
[Site "FICGS email"]
[Date "2006.07.01"]
[Round "1"]
[White "Gomes, Sergio Augusto S"]
[Black "Eizenhammer, Peter"]
[Result "0-1"]
[WhiteElo "1793"]
[BlackElo "2150"]
[PlyCount "152"]
[EventDate "2006.??.??"]
[EventType "tourn (corr)"]
[EventRounds "8"]
[SourceTitle "Corr 2022"]
[Source "ChessBase"]
[SourceDate "2021.10.24"]
[SourceVersion "1"]
[SourceVersionDate "2021.10.24"]
[SourceQuality "1"]

1. e4 d6 2. d4 Nf6 3. Nc3 Nbd7 4. Nf3 e5 5. Bc4 Be7 6. 0-0 0-0 7. Re1 c6 8. a4 exd4 9. Nxd4 Re8 10. a5 Ne5 11. Bf1 Bg4 12. f3 Bd7 13. f4 Ng6 14. Qd3 b5 15. axb6 axb6 16. Rxa8 Qxa8 17. Nf5 Bxf5 18. exf5 Nf8 19. Be2 d5 20. Bf3 b5 21. Kf1 N8d7 22. Be3 b4 23. Ne2 Nc5 24. Qd1 Qa6 25. Kg1 Bd6 26. Nd4 b3 27. g3 bxc2 28. Nxc2 Qc8 29. Nd4 Nce4 30. g4 h5 31. g5 Ng4 32. g6 Nef6 33. Bxg4 hxg4 34. gxf7+ Kxf7 35. Qd3 Bxf4 36. Ne6 Be5 37. Bd4 Bxd4+ 38. Qxd4 Kg8 39. Ra1 Re7 40. b4 Qb7 41. Kg2 Ne4 42. Ra4 c5 43. Qa1 d4 44. Kg1 Nd2 45. Ra8+ Kh7 46. Qa6 Nf3+ 47. Kf2 Qxa6 48. Rxa6 c4 49. h3 d3 50. hxg4 d2 51. Ke2 c3 52. Kd1 Rb7 53. Kc2 Rxb4 54. Rd6 Rxg4 55. Kxc3 Kg8 56. Nc7 Rg1 57. Rxd2 Nxd2 58. Kxd2 Rf1 59. Nd5 Kf7 60. Ne3 Rf4 61. Kc3 Kf6 62. Kd3 Rxf5 63. Ke4 Re5+ 64. Kf3 Rxe3+ 65. Kxe3 Kg5 66. Kf2 Kg4 67. Kg2 g5 68. Kh2 Kf3 69. Kh3 g4+ 70. Kh2 Kf2 71. Kh1 Kg3 72. Kg1 Kh3 73. Kf2 Kh2 74. Ke3 g3 75. Ke2 g2 76. Kd3 g1Q 0-1

[Event "FICGS W-ch st1 g16 email"]
[Site "FICGS email"]
[Date "2006.07.01"]
[Round "1"]
[White "Tsenkov, Lyubomir"]
[Black "Eizenhammer, Peter"]
[Result "1/2-1/2"]
[WhiteElo "2180"]
[BlackElo "2150"]
[PlyCount "35"]
[EventDate "2006.??.??"]
[EventType "tourn (corr)"]
[EventRounds "8"]
[SourceTitle "Corr 2022"]
[Source "ChessBase"]
[SourceDate "2021.10.24"]
[SourceVersion "1"]
[SourceVersionDate "2021.10.24"]
[SourceQuality "1"]

1. e4 d6 2. d4 Nf6 3. Nc3 Nbd7 4. Nf3 e5 5. Bc4 Be7 6. 0-0 0-0 7. Re1 c6 8. a4 a5 9. h3 h6 10. Ba2 Re8 11. Be3 Qc7 12. Qd2 Nf8 13. Rad1 Be6 14. Bxe6 Nxe6 15. d5 Nf8 16. Nh2 cxd5 17. exd5 Rac8 18. Nf1 1/2-1/2

[Event "FICGS rapid A 000001 email"]
[Site "FICGS email"]
[Date "2006.04.30"]
[Round "1"]
[White "Eizenhammer, Peter"]
[Black "Muller, Henri"]
[Result "1/2-1/2"]
[WhiteElo "2150"]
[BlackElo "2115"]
[PlyCount "56"]
[EventDate "2006.??.??"]
[EventType "tourn (rapid)"]
[EventRounds "6"]
[SourceTitle "Corr 2022"]
[Source "ChessBase"]
[SourceDate "2021.10.24"]
[SourceVersion "1"]
[SourceVersionDate "2021.10.24"]
[SourceQuality "1"]

1. e4 c5 2. c3 d5 3. exd5 Qxd5 4. d4 Nf6 5. Nf3 e6 6. Be3 cxd4 7. cxd4 Nc6 8. Nc3 Qd6 9. Bc4 Be7 10. Qe2 0-0 11. Rd1 a6 12. 0-0 b5 13. Bd3 Nb4 14. Bb1 Bb7 15. Ne5 Rac8 16. Bg5 Nbd5 17. Nxd5 Nxd5 18. Bd2 Nf6 19. Bg5 h6 20. Bh4 Rc7 21. f3 Rfc8 22. Bg3 Qd5 23. Ng4 Rd7 24. Qd3 Kf8 25. Ne5 Rdc7 26. Qe3 Kg8 27. Qd3 Kf8 28. Qe3 Kg8 1/2-1/2

[Event "FICGS rapid A 000001 email"]
[Site "FICGS email"]
[Date "2006.04.30"]
[Round "1"]
[White "Eizenhammer, Peter"]
[Black "Schalkwijk, Peter"]
[Result "1-0"]
[WhiteElo "2150"]
[BlackElo "2015"]
[PlyCount "57"]
[EventDate "2006.??.??"]
[EventType "tourn (rapid)"]
[EventRounds "6"]
[SourceTitle "Corr 2022"]
[Source "ChessBase"]
[SourceDate "2021.10.24"]
[SourceVersion "1"]
[SourceVersionDate "2021.10.24"]
[SourceQuality "1"]

1. e4 c5 2. c3 d5 3. exd5 Qxd5 4. d4 e6 5. Nf3 Nf6 6. Be3 Be7 7. Bd3 cxd4 8. cxd4 Nc6 9. Nc3 Qd6 10. a3 0-0 11. 0-0 b6 12. Qe2 Bb7 13. Rad1 Rac8 14. Rfe1 Rfd8 15. Bg5 Nb8 16. Bb1 h6 17. Bh4 Qf4 18. d5 Bxd5 19. Nxd5 Nxd5 20. Bg3 Qg4 21. h3 Qh5 22. Qe4 g6 23. Ne5 f5 24. Qa4 a5 25. Ba2 g5 26. Nf3 Qf7 27. Nd4 f4 28. Nxe6 fxg3 29. fxg3 1-0

[Event "Regionalliga SO 0506"]
[Site "Bayern"]
[Date "2006.01.15"]
[Round "5.1"]
[White "Mittermeier, Josef"]
[Black "Eizenhammer, Peter"]
[Result "1-0"]
[WhiteElo "2045"]
[BlackElo "2110"]
[PlyCount "78"]
[EventDate "2005.10.23"]
[EventType "team-tourn"]
[EventRounds "9"]
[EventCountry "GER"]
[SourceTitle "EXT 2007"]
[Source "ChessBase"]
[SourceDate "2006.11.23"]
[SourceVersion "1"]
[SourceVersionDate "2006.11.23"]
[SourceQuality "1"]
[WhiteTeam "Dorfen PSV"]
[BlackTeam "Passau II"]
[WhiteTeamCountry "GER"]
[BlackTeamCountry "GER"]

1. e4 d6 2. d4 Nf6 3. Nc3 Nbd7 4. Nf3 e5 5. dxe5 dxe5 6. Bc4 Bb4 7. Bd2 c6 8. 0-0 0-0 9. Re1 Qc7 10. a3 Bc5 11. h3 a5 12. a4 Be7 13. Bg5 Nc5 14. Bh4 Rd8 15. Qe2 Nh5 16. Ng5 Nf4 17. Bxf7+ Kh8 18. Qe3 h6 19. Nf3 Bxh4 20. Qxc5 Qxf7 21. Nxh4 Qh5 22. Nf5 Qg5 23. Ng3 Re8 24. Nce2 Ng6 25. Qe3 Nf4 26. Qf3 Bxh3 27. Nxf4 exf4 28. Ne2 Bg4 29. Qxf4 Qg6 30. f3 Be6 31. Rad1 Qh5 32. Qe3 Rf8 33. Rd6 Bh3 34. Nf4 Rxf4 35. Qxf4 Qc5+ 36. Kh2 Qb4 37. c3 Qc5 38. Kxh3 Re8 39. Red1 Re5 1-0

[Event "Regionalliga SO 0506"]
[Site "Bayern"]
[Date "2005.12.11"]
[Round "4.2"]
[White "Pirs, Matjaz"]
[Black "Eizenhammer, Peter"]
[Result "1/2-1/2"]
[WhiteElo "2129"]
[BlackElo "2110"]
[PlyCount "27"]
[EventDate "2005.10.23"]
[EventType "team-tourn"]
[EventRounds "9"]
[EventCountry "GER"]
[SourceTitle "EXT 2007"]
[Source "ChessBase"]
[SourceDate "2006.11.23"]
[SourceVersion "1"]
[SourceVersionDate "2006.11.23"]
[SourceQuality "1"]
[WhiteTeam "Freising SK"]
[BlackTeam "Passau II"]
[WhiteTeamCountry "GER"]
[BlackTeamCountry "GER"]

1. d4 d6 2. Bf4 Nd7 3. Nf3 Ngf6 4. h3 g6 5. e3 Bg7 6. Nbd2 0-0 7. Be2 Qe8 8. Bh2 e5 9. dxe5 dxe5 10. Nc4 Ne4 11. Qd5 Nef6 12. Qd1 Ne4 13. Qd5 Nef6 14. Qd1 1/2-1/2

[Event "Niederbayernliga 0405"]
[Site "Germany"]
[Date "2005.??.??"]
[Round "9"]
[White "Eizenhammer, Peter"]
[Black "Gehann, Paul"]
[Result "1-0"]
[WhiteElo "2066"]
[BlackElo "1801"]
[PlyCount "81"]
[EventDate "2004.??.??"]
[EventType "team-tourn"]
[EventRounds "9"]
[EventCountry "GER"]
[SourceTitle "EXT 2008"]
[Source "ChessBase"]
[SourceDate "2007.11.25"]
[SourceVersion "1"]
[SourceVersionDate "2007.11.25"]
[SourceQuality "1"]
[WhiteTeam "Passau II"]
[BlackTeam "Ergolding"]
[WhiteTeamCountry "GER"]
[BlackTeamCountry "GER"]

1. e4 c5 2. Nf3 Nc6 3. Bb5 g6 4. 0-0 Bg7 5. Re1 e5 6. c3 Nge7 7. d4 cxd4 8. cxd4 Nxd4 9. Nxd4 exd4 10. Bf4 Qb6 11. Na3 0-0 12. Rc1 d6 13. Bg5 f6 14. Bf4 Be6 15. Bc4 Bxc4 16. Nxc4 Qb5 17. a4 Qd7 18. Nxd6 Nc6 19. Qb3+ Kh8 20. Nxb7 Ne5 21. Nc5 Qg4 22. Bg3 Rab8 23. Qa3 Bh6 24. h3 Qc8 25. f4 Nc6 26. Kh1 Rd8 27. Nd3 Qa6 28. b4 Bf8 29. Bh4 Be7 30. Rb1 Qb7 31. Qa1 Kg7 32. b5 Na5 33. e5 fxe5 34. Bxe7 Qxe7 35. Nxe5 Qf6 36. Qa3 Rb7 37. Qb4 Qb6 38. Nd3 a6 39. Nc5 Nc6 40. Qa3 axb5 41. Rxb5 1-0

[Event "Niederbayernliga 0405"]
[Site "Germany"]
[Date "2005.??.??"]
[Round "8"]
[White "Mueller, Walter"]
[Black "Eizenhammer, Peter"]
[Result "0-1"]
[WhiteElo "1907"]
[BlackElo "2066"]
[PlyCount "74"]
[EventDate "2004.??.??"]
[EventType "team-tourn"]
[EventRounds "9"]
[EventCountry "GER"]
[SourceTitle "EXT 2008"]
[Source "ChessBase"]
[SourceDate "2007.11.25"]
[SourceVersion "1"]
[SourceVersionDate "2007.11.25"]
[SourceQuality "1"]
[WhiteTeam "Freyung"]
[BlackTeam "Passau II"]
[WhiteTeamCountry "GER"]
[BlackTeamCountry "GER"]

1. Nf3 Nf6 2. b3 d5 3. Bb2 Bf5 4. e3 Nbd7 5. h3 h6 6. d4 e6 7. Be2 Bd6 8. 0-0 0-0 9. Nbd2 c6 10. c4 Qe7 11. a3 Rad8 12. c5 Bb8 13. b4 Ne4 14. Rc1 Rfe8 15. b5 Ndf6 16. Nb3 Qc7 17. Ne5 Nd7 18. f4 f6 19. Nxd7 Rxd7 20. g4 Bh7 21. Bd3 e5 22. bxc6 bxc6 23. dxe5 fxe5 24. Bxe4 dxe4 25. Qe2 Rd3 26. Bxe5 Rxe5 27. fxe5 Qxe5 28. Qf2 Bg6 29. Nd4 Rxe3 30. Ne2 Kh7 31. h4 h5 32. g5 Rf3 33. Qg2 Rxa3 34. Kf2 e3+ 35. Ke1 Be4 36. Qh3 Qb2 37. Rf4 Bxf4 0-1

[Event "Niederbayernliga 0304"]
[Site "Germany"]
[Date "2004.??.??"]
[Round "7"]
[White "Coduro, Otto"]
[Black "Eizenhammer, Peter"]
[Result "1-0"]
[WhiteElo "2015"]
[BlackElo "2059"]
[PlyCount "107"]
[EventDate "2003.??.??"]
[EventType "team-tourn"]
[EventRounds "9"]
[EventCountry "GER"]
[SourceTitle "EXT 2008"]
[Source "ChessBase"]
[SourceDate "2007.11.25"]
[SourceVersion "1"]
[SourceVersionDate "2007.11.25"]
[SourceQuality "1"]
[WhiteTeam "Freyung"]
[BlackTeam "Passau II"]
[WhiteTeamCountry "GER"]
[BlackTeamCountry "GER"]

1. d4 Nf6 2. Nf3 g6 3. g3 Bg7 4. Bg2 0-0 5. 0-0 d6 6. c4 Nbd7 7. Nc3 e5 8. e4 c6 9. h3 Qb6 10. dxe5 Nxe5 11. Nxe5 dxe5 12. Qc2 Be6 13. b3 Nh5 14. Be3 Qa5 15. Kh2 f5 16. Bd2 Qc7 17. Rad1 f4 18. Bf3 Rad8 19. g4 Nf6 20. Bc1 Qe7 21. Rxd8 Rxd8 22. Rd1 Rd4 23. Ne2 Rxd1 24. Qxd1 h5 25. gxh5 Nxh5 26. Ng1 Qh4 27. Kg2 Bf8 28. Bg4 Bf7 29. Nf3 Qe7 30. Bb2 Bg7 31. Qa1 Qd8 32. Bxe5 Nf6 33. Bxf6 Bxf6 34. e5 Bg7 35. Qc1 g5 36. Qc2 Qe7 37. Qf5 Bh6 38. Qe4 Bg7 39. Qf5 Bh6 40. Qc8+ Kg7 41. Qb8 a6 42. Nd4 Bg6 43. Bf5 f3+ 44. Kg3 Qf7 45. e6 Qf6 46. Qc7+ Kg8 47. Bxg6 Qxg6 48. Qd8+ Kh7 49. Qe7+ Kg8 50. Nxf3 Qf5 51. Qd6 Qf6 52. Qe5 Qe7 53. Kg4 Bg7 54. Qf5 1-0

[Event "Niederbayernliga 0304"]
[Site "Germany"]
[Date "2004.??.??"]
[Round "8"]
[White "Eizenhammer, Peter"]
[Black "Huwa, Walter"]
[Result "1-0"]
[WhiteElo "2059"]
[BlackElo "2183"]
[PlyCount "59"]
[EventDate "2003.??.??"]
[EventType "team-tourn"]
[EventRounds "9"]
[EventCountry "GER"]
[SourceTitle "EXT 2008"]
[Source "ChessBase"]
[SourceDate "2007.11.25"]
[SourceVersion "1"]
[SourceVersionDate "2007.11.25"]
[SourceQuality "1"]
[WhiteTeam "Passau II"]
[BlackTeam "Straubing"]
[WhiteTeamCountry "GER"]
[BlackTeamCountry "GER"]

1. e4 c5 2. Nf3 d6 3. d4 cxd4 4. Nxd4 Nf6 5. f3 a6 6. c4 e6 7. Nc3 Be7 8. Be2 Qc7 9. Be3 Nbd7 10. Rc1 0-0 11. 0-0 b6 12. g4 Bb7 13. g5 Ne8 14. f4 Qd8 15. Qd2 e5 16. Nf5 exf4 17. Bxf4 Ne5 18. Nd5 Bxd5 19. exd5 f6 20. Bxe5 dxe5 21. b4 a5 22. c5 axb4 23. d6 Bxd6 24. cxd6 Kh8 25. g6 hxg6 26. Ne7 Kh7 27. Qxb4 g5 28. Qe4+ f5 29. Rxf5 Nxd6 30. Rxg5+ 1-0

[Event "Oberliga Bayern 0203"]
[Site "Bayern"]
[Date "2003.03.30"]
[Round "9.8"]
[White "Eizenhammer, Peter"]
[Black "Ewald, Alexander"]
[Result "1-0"]
[WhiteElo "2030"]
[BlackElo "2181"]
[PlyCount "75"]
[EventDate "2002.10.20"]
[EventType "team-tourn"]
[EventRounds "9"]
[EventCountry "GER"]
[SourceTitle "EXT 2004"]
[Source "ChessBase"]
[SourceDate "2003.11.25"]
[SourceVersion "1"]
[SourceVersionDate "2003.11.25"]
[SourceQuality "1"]
[WhiteTeam "Passau"]
[BlackTeam "Regensburg Fortuna"]
[WhiteTeamCountry "GER"]
[BlackTeamCountry "GER"]

1. d4 Nf6 2. c4 e6 3. Nf3 b6 4. e3 Bb7 5. Bd3 Be7 6. Nc3 d5 7. 0-0 Nbd7 8. b3 0-0 9. Bb2 c5 10. Qe2 dxc4 11. bxc4 Rc8 12. Rac1 Qc7 13. Rfd1 Qb8 14. d5 exd5 15. cxd5 Bd6 16. Nb5 Bxd5 17. Bf5 Bxf3 18. Qxf3 Bxh2+ 19. Kh1 Be5 20. Nc3 Rcd8 21. Qh3 Bxc3 22. Bxc3 Ne5 23. f4 Ng6 24. Rf1 Nd5 25. Be5 Qb7 26. Rf3 Nde7 27. Bc2 Qd7 28. Qh2 Nf5 29. Bc3 h6 30. Qh5 Nge7 31. g4 Nd6 32. g5 Ndf5 33. gxh6 Nxh6 34. Bxg7 Kxg7 35. Rg1+ Ng6 36. Rxg6+ fxg6 37. Qxg6+ Kh8 38. Qxh6+ 1-0

[Event "Oberliga Bayern 0203"]
[Site "Bayern"]
[Date "2003.02.23"]
[Round "7.8"]
[White "Eizenhammer, Peter"]
[Black "Grimberg, Boris"]
[Result "1-0"]
[WhiteElo "2030"]
[BlackElo "1969"]
[PlyCount "119"]
[EventDate "2002.10.20"]
[EventType "team-tourn"]
[EventRounds "9"]
[EventCountry "GER"]
[SourceTitle "EXT 2004"]
[Source "ChessBase"]
[SourceDate "2003.11.25"]
[SourceVersion "1"]
[SourceVersionDate "2003.11.25"]
[SourceQuality "1"]
[WhiteTeam "Passau"]
[BlackTeam "Haunstetten"]
[WhiteTeamCountry "GER"]
[BlackTeamCountry "GER"]

1. d4 Nf6 2. Nf3 g6 3. Bf4 Bg7 4. h3 d6 5. e3 Nbd7 6. Be2 0-0 7. 0-0 c5 8. Nbd2 b6 9. c3 Bb7 10. a4 cxd4 11. exd4 Rc8 12. a5 Nd5 13. Bh2 e5 14. axb6 axb6 15. Ra7 Bc6 16. Qb3 Qe7 17. Bc4 Nc7 18. Re1 d5 19. Bf1 f6 20. Bg3 Qf7 21. c4 Kh8 22. cxd5 Bxd5 23. Bc4 Bxc4 24. Qxc4 Nd5 25. Qb5 Rc7 26. Rxc7 Nxc7 27. Qc6 Ne6 28. dxe5 fxe5 29. Nc4 Nd8 30. Qb5 Qf5 31. Ncxe5 Nxe5 32. Nxe5 Ne6 33. Qxb6 Nf4 34. Qe3 Nh5 35. Bh2 Bh6 36. Qd4 Bg7 37. Qc5 Nf4 38. b4 Ne2+ 39. Kh1 Rc8 40. Qe3 Nc3 41. Rc1 Nd5 42. Rxc8+ Qxc8 43. Qc5 Qe6 44. Qc6 Qxc6 45. Nxc6 Bf8 46. b5 Bc5 47. Be5+ Kg8 48. f4 Kf7 49. g4 Ke6 50. Kg2 Ne3+ 51. Kf3 Kd5 52. Bc7 Nc4 53. Ne5 Nd2+ 54. Ke2 Ne4 55. b6 Nd6 56. Nd7 Nb7 57. Nf6+ Kd4 58. Nxh7 Be7 59. f5 gxf5 60. gxf5 1-0